Shamaran: the neolithic eternal mother, love and the kurds (Record no. 1435484)

MARC details
000 -LEADER
fixed length control field 00702 a2200229 4500
005 - DATE AND TIME OF LATEST TRANSACTION
control field 20260107152842.0
008 - FIXED-LENGTH DATA ELEMENTS--GENERAL INFORMATION
fixed length control field 260107b |||||||| |||| 00| 0 eng d
020 ## - INTERNATIONAL STANDARD BOOK NUMBER
International Standard Book Number 978-1-4985-9125-6 (hbk)
037 ## - SOURCE OF ACQUISITION
Terms of availability TB
040 ## - CATALOGING SOURCE
Original cataloging agency CRL
Transcribing agency CRL
041 ## - LANGUAGE CODE
Source of code eng
Language code of text/sound track or separate title eng
084 ## - COLON CLASSIFICATION NUMBER
Classification number V467 R4
Assigning agency CRL
100 ## - MAIN ENTRY--PERSONAL NAME
Personal name Dilsa Deniz
9 (RLIN) 821402
245 ## - TITLE STATEMENT
Title Shamaran: the neolithic eternal mother, love and the kurds
260 ## - PUBLICATION, DISTRIBUTION, ETC.
Place of publication, distribution, etc. Lanham, Maryland:
Name of publisher, distributor, etc. Lexinton books,
Date of publication, distribution, etc. 2024.
300 ## - PHYSICAL DESCRIPTION
Extent 299p.
365 ## - TRADE PRICE
Price amount 96.00
Currency code £
650 ## - SUBJECT ADDED ENTRY--TOPICAL TERM
Topical term or geographic name entry element History
9 (RLIN) 862758
650 ## - SUBJECT ADDED ENTRY--TOPICAL TERM
Topical term or geographic name entry element Kurds
9 (RLIN) 862759
942 ## - ADDED ENTRY ELEMENTS (KOHA)
Koha item type Textbook
Source of classification or shelving scheme Colon Classification (CC)
Suppress in OPAC No
Classification part V467 R4
Holdings
Withdrawn status Lost status Source of classification or shelving scheme Damaged status Not for loan Home library Current library Date acquired Source of acquisition Cost, normal purchase price Inventory number Total Checkouts Full call number Barcode Date last seen Cost, replacement price Price effective from Koha item type
    Colon Classification (CC)     Central Library Central Library 2026-01-07 Sunrise Books 9335.81 1240/30/12/2025   V467 R4 CL1925147 2025-12-31 11669.76 2025-12-31 Textbook
Copyright @ Delhi University Library System